000
00237nam a22001097a 4500
082
_a
624.1760212YOU
100
_a
Young C Warren
245
_a
Formulas for stress and strain
260
_b
McGrwa Hill
_c
1975
300
_a
624
942
_c
BK
999
_c
12324
_d
12324